000 00601nam a2200193Ia 4500
005 20251006225607.0
008 251006t2001||||xx |||||||||||||| ||und||
040 _aCBC
100 _aDotor Robayo, María Victoria
245 _aRentas, crédito y moneda en la formación del Estado: la provincia de Tunja durante la primera mitad del siglo XIX
300 _ap. 359-382
650 _aESTADO
650 _aHISTORIA ECONOMICA
650 _aPOLITICA FISCAL
650 _aSIGLO XIX
651 _aCOLOMBIA
773 _aAnuario de historia regional y de las fronteras No. 6 (2001)
942 _tMJCh
999 _c14093
_d14093